Cities in Slovakia by picture #1 - Statistics

General Stats
  • This quiz has been taken 10 times
  • The average score is 8 of 16
Answer Stats
Picture Answer % Correct
Bratislava
100%
Košice
100%
Banská Štiavnica
89%
Bojnice
89%
Nitra
78%
Bardejov
56%
Považská Bystrica
56%
Levice
33%
Pezinok
33%
Stará Ľubovňa
33%
Žilina
33%
Banská Bystrica
22%
Brezno
22%
Humenné
22%
Malacky
22%
Oravský Podzámok
22%
No matching quizzes found
Score Distribution
Percent of People with Each Score
Percentile by Number Answered
Your Score History
You have not taken this quiz